[Event "Reunion op 21st"]
[Site "St Denis"]
[Date "2019.10.20"]
[Round "3"]
[White "Rajaobelina, Hery"]
[Black "Leliboux, Thais"]
[Result "1-0"]
[WhiteElo "1625"]
[BlackElo "1181"]
[PlyCount "87"]
[EventDate "2019.10.20"]
[EventType "swiss"]
[EventRounds "9"]
[EventCountry "RUF"]
[SourceTitle "CBM 192 Extra"]
[Source "Chessbase"]
[SourceDate "2019.11.06"]
[SourceVersion "1"]
[SourceVersionDate "2019.11.06"]
[SourceQuality "1"]

1. e4 c6 2. d4 d5 3. Nd2 dxe4 4. Nxe4 Nd7 5. Qe2 e6 6. Bg5 Ngf6 7. Nxf6+ Nxf6 8. Bd2 Be7 9. Nf3 0-0 10. 0-0-0 Qd5 11. c4 Qe4 12. h3 Qxe2 13. Bxe2 c5 14. Bc3 Ne4 15. Be1 a6 16. d5 exd5 17. Rxd5 Be6 18. Re5 Nf6 19. Bd2 b5 20. Ng5 Bd6 21. Nxe6 Bxe5 22. Nxf8 Kxf8 23. cxb5 axb5 24. Kb1 b4 25. Bf3 Rc8 26. Rc1 Bd4 27. Bxb4 Bxf2 28. Rc2 Bd4 29. Bc3 Rd8 30. Bxd4 cxd4 31. Rd2 Ke7 32. b4 Ke6 33. Kb2 Ke5 34. a4 Rc8 35. Rc2 Rxc2+ 36. Kxc2 Nd5 37. Bxd5 Kxd5 38. Kd3 f5 39. a5 Kc6 40. Kxd4 Kb5 41. Ke5 g6 42. Kf6 f4 43. Kg7 g5 44. Kh6 1-0